| 000 | 00571nam a2200205Ia 4500 | ||
|---|---|---|---|
| 003 | GCL | ||
| 008 | 140319s9999 xx 000 0 ara d | ||
| 040 |
_aGCL / _cGCL |
||
| 082 | 0 | 4 |
_a818 _bم ا |
| 100 | 1 | _aمحسن محمد | |
| 245 | 1 | 0 |
_aانهم يقتلون الادباء / _cمحسن محمد |
| 490 | _a | ||
| 650 | 0 | 4 | _aالادب - تاريخ ونقد |
| 650 | 0 | 4 | _aالادباء |
| 650 | 0 | 4 | _aالكتب |
| 650 | 0 | 4 | _aالمؤلفون |
| 650 | 0 | 4 | _aالكتب - صناعة و تجارة |
| 650 | 0 | 4 | _aالمؤلفون والقراء |
| 942 |
_2ddc _cBK |
||
| 999 |
_c39664 _d39664 |
||